| 000 | 00467nam a22001817a 4500 | ||
|---|---|---|---|
| 003 | CEME | ||
| 005 | 20210628210338.0 | ||
| 008 | 210201b xxu||||| |||| 00| 0 eng d | ||
| 020 | _a0-19-579632-2 | ||
| 040 | _c. | ||
| 082 | _a954.91 SHI | ||
| 100 |
_aShireen Rehmatullah _979064 |
||
| 245 | _aSocial welfare in pakistan | ||
| 260 |
_aKARACHI _bOXFORD UNIVERSITY PRESS _c2002 |
||
| 300 | _a477P | ||
| 650 |
_aSOCIAL WELFARE IN PAKISTAN _979065 |
||
| 942 |
_cBK _2ddc |
||
| 999 |
_c584134 _d584134 |
||